A Guide on Sports & Physical Education / (Record no. 526098)
[ view plain ]
| 000 -LEADER | |
|---|---|
| fixed length control field | 00613nam a22001937a 4500 |
| 003 - CONTROL NUMBER IDENTIFIER | |
| control field | NUST |
| 005 - DATE AND TIME OF LATEST TRANSACTION | |
| control field | 20220412134429.0 |
| 038 ## - RECORD CONTENT LICENSOR | |
| Staff Name | Waseem |
| 082 ## - DEWEY DECIMAL CLASSIFICATION NUMBER | |
| Classification number | 613.7 |
| Author Mark | WAH |
| 100 ## - MAIN ENTRY--PERSONAL NAME | |
| Personal name | Mughal, Wahid |
| 9 (RLIN) | 17062 |
| 245 ## - TITLE STATEMENT | |
| Title | A Guide on Sports & Physical Education / |
| Statement of responsibility, etc. | Wahid Mughal |
| 260 ## - PUBLICATION, DISTRIBUTION, ETC. | |
| Place of publication, distribution, etc. | Rawalpindi : |
| Name of publisher, distributor, etc. | Tahir Printing Press, |
| Date of publication, distribution, etc. | 2009. |
| 300 ## - PHYSICAL DESCRIPTION | |
| Extent | 592 p. ; |
| 500 ## - GENERAL NOTE | |
| General note | Hardcover. |
| 563 ## - BINDING INFORMATION | |
| Binding note | H.B |
| 880 ## - ALTERNATE GRAPHIC REPRESENTATION | |
| Linkage | 100-01\r |
| Title | وحید مغل |
| 880 ## - ALTERNATE GRAPHIC REPRESENTATION | |
| Linkage | 245-02\r |
| Title | رہنماے کھیل و جسمانی تعلیم / |
| 942 ## - ADDED ENTRY ELEMENTS (KOHA) | |
| Source of classification or shelving scheme | |
| Koha item type | Book |
| Withdrawn status | Lost status | Source of classification or shelving scheme | Damaged status | Not for loan | Permanent Location | Current Location | Date acquired | Full call number | Barcode | Date last seen | Price effective from | Koha item type | Source of acquisition | Total Checkouts |
|---|---|---|---|---|---|---|---|---|---|---|---|---|---|---|
| Central Library (CL) | Central Library (CL) | 07/08/2019 | 613.7 WAH | CL-E-897 | 07/08/2019 | 07/08/2019 | Book | |||||||
| Central Library (CL) | Central Library (CL) | 04/11/2022 | 613.7 WAH | CL-D-1604 | 04/11/2022 | 04/11/2022 | Book | Donation | ||||||
| Central Library (CL) | Central Library (CL) | 04/11/2022 | 613.7 WAH | CL-D-1605 | 04/11/2022 | 04/11/2022 | Book | Donation |
